000 00698nam a22002297a 4500
005 20250904144101.0
008 250904b |||||||| |||| 00| 0 eng d
020 _a978-93-91988-31-9 (pbk)
037 _cTB
040 _aCRL
_cCRL
041 _2SIN
_aSIN
084 _aO1593,6NCH:g R2
_bCRL
100 _aChetnani, Champa
_9820080
245 _aSuhina Sindhi mazmoon
260 _aAhmedabad, India:
_bScan computers,
_c2022.
300 _a71+81p.
365 _b550.00
_cINR
650 _aSindhi Literature
650 _aSindhi Prose
_9819829
942 _2CC
_cTB
_hO1593,6NCH:g R2
_n0
999 _c1435177
_d1435177